00433nam a22001577a 450000500170000000800410001702000260005804000090008404100120009308200130010510000300011824500610014826000360020930000080024565000220025320260512162059.0260512b |||||||| |||| 00| 0 eng d a9788123900131c475.00 aMAIN aEnglish a551bMAH aMahapatra, Girija Bhushan aText Book of Geology b: With Special Reference to India aNew DelhibCBS Publishersc2026 a366 aGeology (PM USHA)